Detalles MARC
| 000 -ENCABEZADO |
| Número de control [NR] |
02120 a2200349 4500 |
| 005 - FECHA Y HORA DE LA ÚLTIMA TRANSACCIÓN |
| control field |
20140905145031.0 |
| 008 - DE LONGITUD FIJA DE DATOS DE ELEMENTOS - INFORMACIÓN GENERAL |
| Elementos de longitud fija [NR] |
140220s1980 ag g 0 m mul d |
| 040 ## - FUENTE DE CATALOGACION [NR] |
| Agencia de catalogación original [NR] |
CO-BoUCM |
| Idioma de catalogación [NR] |
spa |
| Quien Cataloga |
Jose A. Gerena (modificó) |
| Quien Clasifica |
[Nuevo] |
| 041 ## - CODIGO DE IDIOMA [R] |
| Código de idioma para texto/pista de sonido o título separado [R] |
Inglés |
| 041 ## - CODIGO DE IDIOMA [R] |
| Código de idioma para texto/pista de sonido o título separado [R] |
Español |
| 092 ## - SIGNATURA TOPOGRAFICA LOCAL |
| Número de clasificación local |
DVD 1298 |
| 245 00 - MENCION DE TITULO [NR] |
| Título [NR] |
Mujer bonita |
| Mención de responsabilidad, etc. [NR] |
Garry Marshall, director |
| Medio físico [NR] |
[DVD] |
| 246 13 - FORMA VARIANTE DEL TITULO [R] |
| Título propiamente dicho/forma breve del título [NR] |
Pretty Woman |
| 260 ## - PUBLICACION, DISTRIBUCION, ETC. (PIE DE IMPRENTA) [R] |
| Lugar de publicación, distribución, etc. [R] |
Buenos Aires (Argentina) |
| Nombre del editor, distribuidor, etc. [R] |
Touchstone Pictures |
| Fecha de publicación, distribución, etc. [R] |
1990 |
| 300 ## - DESCRIPCION FISICA [R] |
| Extensión [R] |
1 DVD, 119 minutos |
| Otros detalles físicos [NR] |
imagen, sonido, color |
| 500 ## - NOTA GENERAL [R] |
| Nota general [NR] |
SINOPSIS: Roberts protagoniza a una joven y desafortunada prostituta, cuyo encuentro casual con un empresario apuesto y millonario lleva a ambos a una relación amorosa insostenible. Es la historia de una Cenicienta moderna que cautivó el corazón del público en todo el mundo...Mujer bonita es una comedia romántica que le dejará una sensación de bienestar después de haberla visto |
| 508 ## - NOTA DE CREDITOS DE CREACION/PRODUCCION [R] |
| Nota de créditos de creación/producción [NR] |
CRÉDITOS: Dirigida por Garry Marshall; guion por J.F. Lawton; música por James Newton Howard; diseño de produccón por Albert Brenner; dirección de arte por David M. Haber; ambientación por Garrett Lewis; vestuario por Marilyn Vance; maquillaje por Bob Mills |
| 511 0# - NOTA DE PARTICIPANTE O INTERPRETE [R] |
| Nota de participante o intérprete [NR] |
REPARTO: Richard Gere, Julia Roberts, Ralph Bellamy, Jason Alexander, Laura San Giacomo, Alex Hyde-White, Amy Yasbeck, Elinor Donahue, Hector Elizondo, Judith Baldwin |
| 546 ## - NOTA DE IDIOMA [R] |
| Nota de idioma [NR] |
Audio en inglés y español. Subtítulos en inglés y español |
| 650 #4 - ASIENTO SECUNDARIO DE MATERIA - TERMINO TEMATICO [R] |
| 9 (RLIN) |
57043 |
| Término temático o nombre geográfico como elemento de entrada [NR] |
Amor en el cine |
| Subdivisión de forma [R] |
DVD |
| 650 #4 - ASIENTO SECUNDARIO DE MATERIA - TERMINO TEMATICO [R] |
| Término temático o nombre geográfico como elemento de entrada [NR] |
Mujeres en el cine |
| Subdivisión de forma [R] |
DVD |
| 9 (RLIN) |
57699 |
| 650 #7 - ASIENTO SECUNDARIO DE MATERIA - TERMINO TEMATICO [R] |
| Término temático o nombre geográfico como elemento de entrada [NR] |
Relaciones de pareja |
| Subdivisión de forma [R] |
DVD |
| 9 (RLIN) |
57130 |
| 650 #7 - ASIENTO SECUNDARIO DE MATERIA - TERMINO TEMATICO [R] |
| 9 (RLIN) |
51326 |
| Término temático o nombre geográfico como elemento de entrada [NR] |
Películas cinematográficas |
| Subdivisión geográfica [R] |
Estados Unidos |
| Subdivisión de forma [R] |
DVD |
| 690 ## - ASUNTO AGREGADO LOCAL DE ENTRADA - TÉRMINO TEMÁTICO (OCLC, RLIN) |
| 9 (RLIN) |
42805 |
| Acceso temático local |
Entretenimiento |
| 690 ## - ASUNTO AGREGADO LOCAL DE ENTRADA - TÉRMINO TEMÁTICO (OCLC, RLIN) |
| 9 (RLIN) |
42914 |
| Acceso temático local |
Sociología |
| 700 1# - ASIENTO SECUNDARIO - NOMBRE PERSONAL [R] |
| Nombre personal [NR] |
Marshall, Garry |
| Término de relación [R] |
director |
| 9 (RLIN) |
56958 |
| 710 2# - ASIENTO SECUNDARIO - NOMBRE CORPORATIVO [R] |
| Nombre corporativo o de jurisdicción como elemento de entrada [NR] |
Touchstone Pictures |
| 9 (RLIN) |
56959 |
| 710 2# - ASIENTO SECUNDARIO - NOMBRE CORPORATIVO [R] |
| Nombre corporativo o de jurisdicción como elemento de entrada [NR] |
Silver Screen Partners IV |
| 9 (RLIN) |
56960 |
| 765 0# - ASIENTO DE IDIOMA ORIGINAL [R] |
| Título [NR] |
Pretty Woman |
| 856 40 - LOCALIZACION Y ACCESO ELECTRONICOS [R] |
| Identificador Uniforme del Recurso (“URI”) [R] |
<a href="http://www.youtube.com/watch?v=BPg3mDcGoqU">http://www.youtube.com/watch?v=BPg3mDcGoqU</a> |
| Nota dirigida al público [R] |
Siga este enlace para ver el trailer |
| -- |
Trailer tomado del canal Movie Clips by FilmIsNow vía YouTube.com |
| 942 ## - ELEMENTOS DE ENTRADA AGREGADOS (KOHA) |
| Sistema de clasificación |
LOCAL |
| Tema principal |
Sociología |
| Tipo de ítem principal el descrito en 300a |
Multimedia |
| Edición |
1 |
| Clasificación |
DVD 1298 |